Crónica de D. Alfonso el Onceno de este nombre, de los reyes que reynaron en Castilla y en León / (Record no. 50149)
[ view plain ]
| 000 -LEADER | |
|---|---|
| campo de control de longitud fija | 01215nam a2200253 i 4500 |
| 001 - NÚMERO DE CONTROL | |
| campo de control | 50149 |
| 003 - IDENTIFICADOR DE NÚMERO DE CONTROL | |
| campo de control | ES-MaACL |
| 005 - FECHA Y HORA DE LA ÚLTIMA TRANSACCIÓN | |
| campo de control | 20260301183426.0 |
| 007 - CAMPO FIJO DE DESCRIPCIÓN FÍSICA--INFORMACIÓN GENERAL | |
| campo de control de longitud fija | t| |
| 008 - DATOS DE LONGITUD FIJA--INFORMACIÓN GENERAL | |
| campo de control de longitud fija | 030731s1787 sp |||| | spa d |
| 245 00 - MENCIÓN DEL TÍTULO | |
| Título | Crónica de D. Alfonso el Onceno de este nombre, de los reyes que reynaron en Castilla y en León / |
| Mención de responsabilidad, etc. | ilustrada con apéndices y varios documentos por Francisco Cerdá y Rico. |
| 250 ## - MENCION DE EDICION | |
| Mención de edición | 2ª ed. conforme a un antiguo ms. de la Real Biblioteca del Escorial y otro de la Mayansiana. |
| 260 ## - PUBLICACIÓN, DISTRIBUCIÓN, ETC. | |
| Lugar de publicación, distribución, etc. | Madrid : |
| Nombre del editor, distribuidor, etc. | Imp. de Antonio de Sancha, |
| Fecha de publicación, distribución, etc. | 1787. |
| 300 ## - DESCRIPCIÓN FÍSICA | |
| Extensión | 1 v. ; |
| Dimensiones | 25 cm. |
| 490 1# - MENCIÓN DE SERIE | |
| Mención de serie | Colección de las crónicas y memorias de los reyes de Castilla ; |
| Designación de volumen o secuencia | 7 |
| 530 ## - NOTA DISPONIBLE DE FORMULARIO FÍSICO ADICIONAL | |
| Nota de formato físico adicional disponible | Disponible en formato digital. |
| 600 04 - PUNTO DE ACCESO ADICIONAL DE MATERIA--NOMBRE DE PERSONA | |
| Nombre de persona | Alfonso |
| Numeración | XI, |
| Títulos y otros términos asociados al nombre | Rey de Castilla |
| 9 (RLIN) | 19873 |
| 651 #4 - PUNTO DE ACCESO ADICIONAL DE MATERIA--NOMBRE GEOGRÁFICO | |
| Nombre geográfico | Castilla (Reino)- |
| Subdivisión general | Historia- |
| Subdivisión cronológica | 1312-1350, Alfonso XI. |
| 9 (RLIN) | 150769 |
| 700 1# - ENTRADA AGREGADA--NOMBRE PERSONAL | |
| Nombre de persona | Cerdá y Rico, Francisco, |
| Fechas asociadas al nombre | 1739-1800 |
| 9 (RLIN) | 37468 |
| 830 00 - PUNTO DE ACCESO ADICIONAL DE SERIE-TÍTULO UNIFORME | |
| Título uniforme | Colección de las crónicas y memorias de los reyes de Castilla |
| Designación de volumen o secuencia | 7 |
| 9 (RLIN) | 184660 |
| 852 ## - LOCALIZACIÓN | |
| Ubicación | ES-MaACL |
| Número de control de estantería | R-1291 |
| Encuadernación | Olim: G-13137 |
| 856 ## - LOCALIZACIÓN Y ACCESO ELECTRÓNICOS | |
| Identificador Uniforme de Recursos | <a href="http://simurg.bibliotecas.csic.es/viewer/piresolver?id=CSIC000538858">http://simurg.bibliotecas.csic.es/viewer/piresolver?id=CSIC000538858</a> |
| Nota pública | Fondos digitalizados del CSIC |
| Estatus retirado | Estado de pérdida | Estado de daño | No para préstamo | Colección | Biblioteca de origen | Biblioteca actual | Ubicación en estantería | Fecha de adquisición | Fuente de adquisición | Total de préstamos | Signatura topográfica completa | Código de barras | Visto por última vez | Precio de reemplazo | Tipo de ítem Koha |
|---|---|---|---|---|---|---|---|---|---|---|---|---|---|---|---|
| Colección digital | Biblioteca del Ateneo de Madrid | Biblioteca del Ateneo de Madrid | Depósito | 17/01/2008 | R-1291 | 1052753 | 23/02/2023 | 23/02/2023 | Libro impreso antiguo |
